Geboren in Paris - Statistiken

Allgemein
  • Dieses Quiz wurde 38 mal gespielt
    18 seit der letzten Aktualisierung
  • Das Durchschnittsergebnis liegt bei 15 aus 103
Antwortstatistiken
Hinweis Antwort % Korrekt
Physiker und Chemie-Nobelpreisträger zusammen mit seiner Frau 1900 Frédéric Joliot-Curie
59%
Physikerin, Chemikerin und Nobelpreisträgerin zusammen mit ihrem Mann. Tochter zweier Nobelpreisträger 1897 Iréne Joliot-Curie
59%
Nationalspieler, Paris Saint Germain 1998 Kylian Mbappé
59%
früherer Staatspräsident und späterer Kaiser 1808 Napoleon III
59%
Physiker und Nobelpreisträger zusammen mit seiner Frau 1859 Pierre Curie
59%
impressionistischer Maler, bekannt für seine "Seerosen" 1840 Claude Monet
53%
Sängerin, "La vie en rose" "Non, je ne regrette rien" 1915 Édith Piaf
53%
Tennisspieler und Modeschöpfer, gründete eine Marke mit Krokodil Logo 1904 René Lacoste
53%
bristische Schauspielerin, "Harry Potter" "Vielleicht lieber morgen" "Pretty Women" 1990 Emma Watson
47%
Automobilkonstrukteur und Gründer eines bekannten französischen Automobilherstellers 1878 André Citroen
41%
Maler, gilt als Wegbereiter der Moderne 1832 Édouard Manet
41%
Nationalspieler, Bayern München 1996 Kingsley Coman
41%
Präsidentin der Europäischen Zentralbank und erste Frau in diesem Amt 1956 Christine Lagarde
35%
DJ und Musikproduzent, "Titanium" "She Wolf" 1967 David Guetta
35%
Komponist der Romantik, "Carmen" 1838 Georges Bizet
35%
Autor vor allem von Comics und Regisseur, "Astérix" "Lucky Luke" "Der kleine Nick" 1926 René Goscinny
35%
deutscher Ingenieur und Erfinder des Dieselmotors 1858 Rudolf Diesel
35%
Kirchenfürst und bestimmende Person der Politik unter König Ludwig XIII. 1585 Kardinal Richelieu
29%
Nationalspieler, FC Chelsea 1991 N'Golo Kanté
29%
wegen Korruption verurteilter früherer Präsident von Frankreich 1955 Nicolas Sarkozy
29%
polnisch-französischer Regisseur, "Der Pianist" "Chinatown" "Rosemaries Baby" 1933 Roman Polanski
29%
Bildhauer und Zeichner, "Der Denker" 1840 Auguste Rodin
24%
Nationalspieler, FC Liverpool 1999 Ibrahima Konaté
24%
langähriger Präsident von Frankreich, zuvor Premierminister und Bürgermeister von Paris 1932 Jacques Chirac
24%
Vordenker des Existenzialismus und berühmter Intellektueller 1905 Jean-Paul Sartre
24%
Schauspielerin, "Spectre" "No Time to Die" "Blau ist eine warme Farbe" "Inglorious Basterds" 1985 Léa Seydoux
24%
Regisseur, "Léon- Der Profi" "Lucy" "Das fünfte Element" 1959 Luc Besson
24%
Dramatiker, berühmt für seine Komödien 1622 Molière
24%
Literaturnobelpreisträger, "Die Insel der Pinguine" "Aufruhr der Engel" "Die Bratküche zur Königin Pedauque" 1844 Anatole France
18%
armenisch-französicher Sänger, "La Bohème" "Hier encore" 1924 Charles Aznavour
18%
Maler und Bildhauer, "Der Tanzunterricht" 1834 Edgar Degas
18%
Sängerin und ESC-Siegerin, "Elle, elle l'a" 1947 France Gall
18%
Regisseur der Nouvelle Vague, "Jules und Jim" "Geraubte Küsse" "Die amerikanische Nacht" 1932 Francois Truffaut
18%
früherer Nationalspieler, Crystal Palace (früher PSG und Liverpool) 1990 Mahmadou Sakho
18%
Schriftsteller und Sozialkritiker, "Auf der Suche nach der verlorenen Zeit" 1871 Marcel Proust
18%
Maler, bekannt für seine Gemälde aus der Südsee 1848 Paul Gauguin
18%
Sportfunktionär und Gründer des IOC 1863 Pierre de Coubertin
18%
Schriftstellerin, Philosophin und Feministin. Lebensgefährtin von ^ 1908 Simone de Beauvoir
18%
einflussreicher Autor der Aufklärung 1694 Voltaire
18%
algerischer Nationalspieler, (FC Porto, Stade Rennes, Granada) 1990 Yacine Brahimi
18%
israelisch-französischer Sänger und ESC-Teilnehmer, "J'ai cherché" "Les rues de ma peine" 1984 Amir
12%
Schauspielerin und Sängerin, "Die Verachtung" "Die Wahrheit" 1934 Brigitte Bardot
12%
Schauspieler, "Monsieur Claude und seine Töchter" 1952 Christian Clavier
12%
DJ und Produzent, "Lean On" "Let Me Love You" 1986 DJ Snake
12%
Schauspielerin und Oscarpreisträgerin, "La vie en rose" "Inception" "The Dark Knight Rises" 1975 Marion Cotillard
12%
Schauspielerin, "La Boum" "Braveheart" 1966 Sophie Marceau
12%
Komponist und Musikpädagoge, "Karneval der Tiere" 1835 Camille Saint-Saens
6%
Journalist und Direktor der Tour de France 1960 Christian Prudhomme
6%
Schriftsteller, "J'accuse" 1840 Émile Zola
6%
Schauspielerin, "Casino Royale" "Die Insel der besonderen Kinder" 1980 Eva Green
6%
Krimiautorin, bekannt für die Fälle des Komissar Adamsberg 1957 Fred Vargas
6%
Tennisspieler 1986 Gael Monfils
6%
Filmpionier und Erfinder der Stop Motion Filmtechnik, "Le voyage dans la Lune" 1861 Georges Méliès
6%
Schauspielerin, "Elle" "Die Klavierspielerin" "Amour" 1953 Isabelle Huppert
6%
Nationalspieler, FC Chelsea 1998 Jules Koundé
6%
Schauspielerin, "Kill Bill" "Inglorious Basterds" 1966 Julie Dreyfus
6%
ehemaliger Nationalspieler, (Real Madrid, Chelsea, Marseille) 1985 Lassana Diarra
6%
DJ und Musikproduzent, "Intoxicated" "Hello" 1976 Martin Solveig
6%
Schauspieler, "Hass" "Die fabelhafte Welt der Amélie" 1967 Mathieu Kassovitz
6%
provokativer Sänger, Schriftsteller, Komponist und Schauspieler 1928 Serge Gainsbourg
6%
Dichter und erster Litertaurnobelpreisträger 1839 Sully Prudhomme
6%
Schauspieler, "Black Swan" "Ocean's 12" 1966 Vincent Cassel
6%
Schauspielerin "Blau ist eine warme Farbe" 1993 Adèle Exarchopoulos
0%
Schauspielerin, "Porträt einer jungen Dame in Flammen" 1989 Adèle Haenel
0%
Milliardär und mehrheitlicher Besitzer von Chanel, zusammen mit seinem Bruder 1948 Alain Wertheimer
0%
Komponist für Filmmusik und Oscarpreisträger für "Grand Budapest Hotel" und "Shape of Water" 1961 Alexandre Desplat
0%
Regisseur, "Die Kinder des Monsieur Mathieu" 1963 Christophe Barratier
0%
Schriftsteller, dessen Werk als Vorlage von Sciene Fiction gilt 1619 Cyrano de Bergerac
0%
US-amerikanischer Basketballspieler und Hall of Famer, Atlanta Hawks 1960 Dominique Wilkins
0%
Physiker und Entdecker des photoelektrischen Effekts 1820 Edmond Becquerel
0%
australische Schauspielerin, "Tenet" "Der große Gatsby" 1990 Elizabeth Debicki
0%
Regisseur, "Ziemlich beste Freunde" "Heute bin ich Samba" 1971 Éric Toledano
0%
Gründer von L'Oreal 1881 Eugène Schueller
0%
Republikanischer Politiker und 7. Präsident Frankreichs 1841 Félix Faure
0%
Mitbegründer und langjähriger Vorsitzender der französischen Liga für Menschenrechte und Friedensnobelpreisträger 1841 Ferdinand Buisson
0%
Schriftsteller und Regisseur, "The Father" 1979 Florian Zeller
0%
Schauspieler, "Ziemlich Beste Freunde" 1955 Francois Cluzet
0%
Regisseur, "8 Frauen" "Sommer 85" 1967 Francois Ozon
0%
Gründer der Interparlamentarischen Union und Friedensnobelpreisträger 1822 Frédéric Passy
0%
Milliardär und mehrheitlicher Besitzer von Chanel, zusammen mit seinem Bruder 1951 Gérard Wertheimer
0%
Musiker der Band Daft Punk "One More Time" "Get Lucky" 1974 Guy-Manuel de Homem-Christo
0%
Physiknobelpreisträger und Mitentdecker der Radioaktivität 1852 Henri Becquerel
0%
Literaturnobelpreisträger und bedeutender Vertreter der Lebensphilosophie 1859 Henri Bergson
0%
Chemienobelpreisträger für die Isolierung von Fluor 1852 Henri Moissan
0%
Komponist und Sänger, "Là-bas" "Je te donne" 1951 Jean-Jacques Goldman
0%
Regisseur der Nouvelle Vague, "Die Verachtung" "Elf Uhr Nachts" 1930 Jean-Luc Godard
0%
Schauspielerin, "Jules und Jim" "Die Braut trug schwarz" 1928 Jeanne Moreau
0%
Chemienobelpreisträger für die Synthese von molekularen Maschinen 1944 Jean-Pierre Sauvage
0%
Sänger und Schauspieler, "Le pénitencier" "L'envie" "Quelque chose de Tennessee" 1943 Johnny Hallyday
0%
Regisseurin und Gewinnerin der Goldenen Palme, "Titane" "Raw" 1983 Julia Ducournau
0%
Politiker, Premierminister und Widerstandskämpfer 1872 Léon Blum
0%
Erster Präsident des Völkerbundrates und Friedensnobelpreisträger 1851 Léon Bourgeois
0%
Physiker, bekannt für sein Experiment zur Demonstration der Erdrotation 1819 Léon Foucault
0%
Gewerkschafter und Friedensnobelpreisträger 1879 Léon Jouhaux
0%
Hauptanteilseignerin von L'Oreal und bis zu ihrem Tod reichste Frau der Welt 1922 Liliane Bettencourt
0%
Regisseur, "Der unglaubliche Hulk" "The Transporter" 1973 Louis Leterrier
0%
Schauspielerin, "Inglorious Basterds" "Die Unfassbaren- Now You See Me" "Oxygen" 1983 Mélanie Laurent
0%
deutscher Jurist, Politiker, Publizist und Fernsehmoderator 1956 Michel Friedman
0%
Regisseur und Oscarpreisträger, "The Artist" "OSS 111"-Reihe 1967 Michel Hazanavicius
0%
Regisseur, "Monsieur Claude und seine Töchter" 1965 Philippe de Chauveron
0%
US-amerikanischer-französischer Unternehmer und Gründer von Ebay 1967 Pierre Omidyar
0%
^ 1975 Thomas Bangalter
0%
Schriftstellerin, "Der Gott des Gemetzels" "Kunst" 1959 Yasmina Reza
0%
Keine übereinstimmenden Quizze gefunden
Verteilung der Resultate
Anzahl Personen mit jedem Resultat
Perzentil nach korrekt beantworteten Fragen
Ihre Resultats-Entwicklung
Sie haben dieses Quiz seit der letzten Aktualisierung nicht gespielt